La profundización del TLCAN y la agenda mexicana de desarrollo sostenible

Sparad:
Bibliografiska uppgifter
Materialtyp: Text
Ämnen:
Taggar: Lägg till en tagg
Inga taggar, Lägg till första taggen!

MARC

LEADER 00000 a a2200000 04500
001 13133
003
040
245 |a La profundización del TLCAN y la agenda mexicana de desarrollo sostenible  
650 |a DESARROLLO SOSTENIBLE  
650 |a TLC  
650 |a COMERCIO  
650 |a INVERSIONES EXTRANJERAS  
650 |a ECONOMIA  
650 |a SEGURIDAD  
650 |a MEDIO AMBIENTE  
650 |a MIGRACION  
773 |g volumen 8, número 5; páginas 3-5  
999 |c 21625  |d 21625